Mental hospitals manual (Record no. 412533)

000 -LEADER
fixed length control field 00281cam a22000977a 4500
008 - FIXED-LENGTH DATA ELEMENTS--GENERAL INFORMATION
fixed length control field 180718b1937 xxu||||| |||| 00| 0 eng d
082 ## - DEWEY DECIMAL CLASSIFICATION NUMBER
Classification number O3500x5421 Ut8
245 ## - TITLE STATEMENT
Title Mental hospitals manual
260 ## - PUBLICATION, DISTRIBUTION, ETC.
Place of publication, distribution, etc. Allahabad
Name of publisher, distributor, etc. Superintendent, Printing and Stationery
Date of publication, distribution, etc. 1937
300 ## - PHYSICAL DESCRIPTION
Extent 193, xxiip.
Holdings
Withdrawn status Lost status Damaged status Not for loan Permanent Location Current Location Date acquired Full call number Barcode Date last seen Price effective from Koha item type
        Indian Institute of Public Administration Indian Institute of Public Administration 2009-02-06 O3500x5421 Ut8 24235 2018-07-21 2018-07-21 Book

Powered by Koha